Panorama español : (Record no. 161340)

MARC details
000 -LEADER
campo de control de longitud fija 01104nam a2200205 i 4500
001 - NÚMERO DE CONTROL
campo de control 161340
003 - IDENTIFICADOR DE NÚMERO DE CONTROL
campo de control ES-MaACL
005 - FECHA Y HORA DE LA ÚLTIMA TRANSACCIÓN
campo de control 20240228210420.0
008 - DATOS DE LONGITUD FIJA--INFORMACIÓN GENERAL
campo de control de longitud fija 940301m18421845sp af |||| | spa d
080 ## - NÚMERO DE LA CLASIFICACIÓN DECIMAL UNIVERSAL
Número de la Clasificación Decimal Universal 94(460)"1833/40"
245 00 - MENCIÓN DEL TÍTULO
Título Panorama español :
Resto del título crónica contemporánea, obra pintoresca con 30 láminas en acero y 75 grabados en madera en cada tomo, destinada a esponer [sic] todos los acontecimientos políticos desde octubre de 1832 hasta nuestros días... /
Mención de responsabilidad, etc. por una reunión de amigos colaboradores.
260 ## - PUBLICACIÓN, DISTRIBUCIÓN, ETC.
Lugar de publicación, distribución, etc. Madrid :
Nombre del editor, distribuidor, etc. [s.n.],
Fecha de publicación, distribución, etc. 1842-1845 (
Fabricante Imp. del Panorama Español)
300 ## - DESCRIPCIÓN FÍSICA
Extensión 4 v. :
Otras características físicas il., grab. ;
Dimensiones 28 cm.
530 ## - NOTA DISPONIBLE DE FORMULARIO FÍSICO ADICIONAL
Nota de formato físico adicional disponible Disponible en formato digital.
597 ## - NOTA DE DESCRIPCIÓN FÍSICA
NOTA DE DESCRIPCIÓN FÍSICA I (V, 234 p., [26] h. de lám.) - II (319 p., [27] h. de lám.) - III (307 p., [31] h. de lám.) - IV (455 p.)
651 #4 - PUNTO DE ACCESO ADICIONAL DE MATERIA--NOMBRE GEOGRÁFICO
Nombre geográfico España-
Subdivisión general Historia-
Subdivisión cronológica 1833-1840, Guerra carlista
9 (RLIN) 8250
852 ## - LOCALIZACIÓN
Ubicación ES-MaACL
Número de control de estantería Z-132-135
Nota libre - Enc. hol.
Encuadernación Olim: C-1204-1207
856 ## - LOCALIZACIÓN Y ACCESO ELECTRÓNICOS
Identificador Uniforme de Recursos <a href="http://www.euskalmemoriadigitala.eus/handle/10357/4661 ">http://www.euskalmemoriadigitala.eus/handle/10357/4661 </a>
Nota pública Memoria Digital Vasca
Holdings
Estatus retirado Estado de pérdida Estado de daño No para préstamo Colección Biblioteca de origen Biblioteca actual Ubicación en estantería Fecha de adquisición Fuente de adquisición Total de préstamos Signatura topográfica completa Código de barras Visto por última vez Precio de reemplazo Tipo de ítem Koha
        Colección digital Biblioteca del Ateneo de Madrid Biblioteca del Ateneo de Madrid Depósito Z 17/01/2008     Z-132-35 1168993 23/02/2023 23/02/2023 Libro impreso antiguo